LEADER 01235nam0 2200301 450 001 000009175 005 20081209122320.0 100 $a20080312d2006----km-y0itay50------ba 101 0 $aita 102 $aIT 105 $ay---m---001yy 200 1 $aInformation and communication technology ed agroalimentare$fRosa Misso$gAngela Mariani$gGian Paolo Cesaretti 210 $aNapoli$cUniversitą degli Studi di Napoli "Parthenope"$d[2006] 215 $a175 p.$ctab., fig.$d30 cm 328 $aTesi di Dottorato di ricerca in: Economia delle risorse alimentari e dell'ambiente (XIX ciclo) 610 1 $aAziende - Sistemi informativi - Telematica 610 1 $aIndustria agroalimentare 676 $a338.064$v20$9Efficienza produttiva. Effetto delle innovazioni tecnologiche 676 $a338.4766400945$v21$9Beni e servizi. Tecnologia alimentare 700 1$aMisso,$bRosa$0611392 702 1$aMariani,$bAngela 702 1$aCesaretti,$bGian Paolo 712 02$aUniversitą degli Studi di Napoli "Parthenope" 801 0$aIT$bUNIPARTHENOPE$c20080313$gRICA$2UNIMARC 912 $a000009175 951 $aTESI-2006/3$cNAVA1$d20080313 996 $aInformation and communication technology ed agroalimentare$91204929 997 $aUNIPARTHENOPE LEADER 01502nam 2200457 450 001 9910149710403321 005 20230810000130.0 010 $a981-314-817-9 035 $a(CKB)2660000000040924 035 $a(MiAaPQ)EBC4731820 035 $a(EXLCZ)992660000000040924 100 $a20160818h20172017 uy| 0 101 0 $aeng 135 $aurcnu|||||||| 181 $2rdacontent 182 $2rdamedia 183 $2rdacarrier 200 10$aBasic theory of fractional differential equations /$fYong Zhou (Xiangtan University, China), JinRong Wang (Guizhou University, China), Lu Zhang (Xiangtan University, China) 205 $aSecond edition. 210 1$aNew Jersey :$cWorld Scientific,$d[2017] 210 4$d©2017 215 $a1 online resource (380 pages) 311 $a981-314-816-0 320 $aIncludes bibliographical references and index. 606 $aFractional differential equations 606 $aDifferential equations 606 $aFractional calculus 615 0$aFractional differential equations. 615 0$aDifferential equations. 615 0$aFractional calculus. 676 $a515/.352 700 $aZhou$b Yong$f1964-$01072867 702 $aWang$b JinRong$c(Mathematics professor), 702 $aZhang$b Lu$c(Mathematics professor), 801 0$bMiAaPQ 801 1$bMiAaPQ 801 2$bMiAaPQ 906 $aBOOK 912 $a9910149710403321 996 $aBasic theory of fractional differential equations$92569084 997 $aUNINA